| 000 | 00400nam a22001697a 4500 | ||
|---|---|---|---|
| 005 | 20160620112519.0 | ||
| 008 | 160620b xxu||||| |||| 00| 0 eng d | ||
| 020 | _a978-81-203-2995-9 | ||
| 041 | _aeng | ||
| 082 | _b8466 | ||
| 100 |
_aJankiraman, B and Gopal, R.K. _92306 |
||
| 245 | _aTotal Quality Management | ||
| 260 |
_bPHI _c2008 |
||
| 300 | _a215 | ||
| 650 |
_aManagement _9241 |
||
| 942 | _cBK | ||
| 999 |
_c3237 _d3236 |
||